Piráti sú žabou na prameni

Odvetvie informačných technológií prispeje k rastu ekonomiky. Stručná informácia o BSA (Business software aliance). IDC ako najväčší poskytovateľ technologických informácií. Obmedzovanie softvérového pirátstva - prínosy pre krajinu.

Saved in:
Bibliographic Details
Main Author: Fecko, Peter
Format: Book Chapter
Language:Slovak
Subjects:
Tags: Add Tag
No Tags, Be the first to tag this record!

MARC

LEADER 00000naa a2200000 4500
001 r048561
005 20230920090656.9
041 0 |a slo 
044 |a SK 
245 1 0 |a Piráti sú žabou na prameni  |c Peter Fecko 
520 |a Odvetvie informačných technológií prispeje k rastu ekonomiky. Stručná informácia o BSA (Business software aliance). IDC ako najväčší poskytovateľ technologických informácií. Obmedzovanie softvérového pirátstva - prínosy pre krajinu. 
610 2 0 |a technológie informačné 
610 2 0 |a technológie komunikačné 
610 2 0 |a softvér 
610 2 0 |a rast hospodársky 
610 2 0 |a činnosť trestná 
610 2 0 |a Slovensko 
610 2 0 |a krajiny vyspelé 
610 2 0 |a BSA 
610 2 0 |a IDC 
100 1 |a Fecko, Peter